Birds by Letter - M - Statistics

General Stats
  • This quiz has been taken 35 times
  • The average score is 9 of 20
Answer Stats
Picture Answer % Correct
Macaw
100%
Magpie
94%
Moorhen
70%
Merganser
67%
Mockingbird
64%
Martin
58%
Myna
58%
Meadowlark
52%
Murre
45%
Motmot
39%
Manakin
33%
Munia
33%
Miner
30%
Monal
30%
Mango
24%
Mousebird
21%
Malkoha
15%
Minivet
15%
Monarch
15%
Mesite
6%
No matching quizzes found
Score Distribution
Percent of People with Each Score
Percentile by Number Answered
Your Score History
You have not taken this quiz